000 00294nam a2200121Ia 4500
100 _aWartikar/J.N./ Wartikar/P.N.
942 _cBK
654 _amathematics
245 _aEngineering Mathematics-III
260 _bPune vidyarthi griha prak.
_aPune
082 _a511
_bWAR/WAR
546 _aENGLISH
999 _c23257
_d23257